000 00463nam a2200169 i 4500
001 33820
003 ES-MaACL
005 20230906154828.0
007 t|
008 030203s1920 sp ||||1| spa d
100 1 _aBlanchet, León.
_929158
245 1 0 _aCampanella /
_cLeón Blanchet.
260 _a[Valencia :
_bs.n.],
_c1920 (
_fImp. Dueras)
300 _a596 p. ;
_c22 cm.
600 1 4 _aCampanella, Tommaso (
_d1568-1639)
_934117
852 _aES-MaACL
_jG-13848
999 _c33820
_d33820